000 00284 a2200133 4500
999 _c283727
_d283727
001 48654
003 NUST
038 _aJawad
082 _a823
100 _aKermode, A.C
_913915
245 _aThe Wright brothers
260 _aLondon
_bGeorge G Harrap
942 _aNUST-CAE
_cBK
_cBK
_2ddc